Над пропастью во ржи: повести и рассказы

Podrobná bibliografie
Hlavní autor: Сэлинджер Дж. Д. Джером Дэвид
Shrnutí:Исключено из фонда НТБ ТПУ
Jazyk:ruština
Vydáno: Владивосток, Дальневосточное книжное изд-во, 1989
Médium: MixedMaterials Kniha
KOHA link:https://koha.lib.tpu.ru/cgi-bin/koha/opac-detail.pl?biblionumber=91614

MARC

LEADER 00000nam0a2200000 4500
001 91614
005 20231101213801.0
010 |a 5744000577 
020 |a RU  |b 83-35226 
035 |a (RuTPU)RU\TPU\book\98203 
035 |a RU\TPU\book\86751 
090 |a 91614 
100 |a 20060228d1989 m y0rusy5003 ca 
101 1 |a rus  |c eng 
102 |a RU 
105 |a y z 000ay 
200 1 |a Над пропастью во ржи  |e повести и рассказы  |f Дж. Д. Сэлинджер 
210 |a Владивосток  |c Дальневосточное книжное изд-во  |d 1989 
215 |a 592 с. 
333 |a Исключено из фонда НТБ ТПУ 
675 |a 82  |v 3 
700 1 |a Сэлинджер  |b Дж. Д.  |c американский писатель  |f 1919-2010  |g Джером Дэвид  |2 stltpush  |3 (RuTPU)RU\TPU\pers\21602  |9 9097 
801 0 |a RU  |b RuMRKP  |c 19950704  |g psbo 
801 1 |a RU  |b 63413507  |c 20050909  |g PSBO 
801 2 |a RU  |b 63413507  |c 20211222  |g PSBO 
942 |c BK